书目信息 |
| 题名: |
驾驭经济增长的艺术
|
|
| 作者: | 姚锡棠 著 | |
| 分册: | ||
| 出版信息: | 上海 上海人民出版社 2001 |
|
| 页数: | 319页 | |
| 开本: | 32开 | |
| 丛书名: | ||
| 单 册: | ||
| 中图分类: | F061.2 | |
| 科图分类: | ||
| 主题词: | 经济增长--研究 , 经济学--分支科学 | |
| 电子资源: | ||
| ISBN: | 7-208-03709-4 | |
| 000 | 00581nam0 2200205 45 | |
| 001 | 0210170985 | |
| 005 | 20031219104058.7 | |
| 010 | @a7-208-03709-4@dCNY17.50 | |
| 100 | @a20021017d2001 km y0chiy0120 ea | |
| 101 | 0 | @achi |
| 105 | @a z 000yy | |
| 200 | 1 | @a驾驭经济增长的艺术@AJia Yu Jing Ji Zeng Zhang De Yi Shu@f姚锡棠著@FYao Xi Tang Zhu |
| 210 | @a上海@c上海人民出版社@d2001 | |
| 215 | @a319页@d32开 | |
| 606 | 0 | @a经济增长@x研究 |
| 606 | 0 | @a经济学@x分支科学 |
| 690 | @aF061.2@v4 | |
| 701 | @a姚锡棠@4著 | |
| 801 | @aCN@bTSTC@c20021017 | |
| 905 | @b315793@dF061.2@e23@f1 | |
| 驾驭经济增长的艺术/姚锡棠著.-上海:上海人民出版社,2001 |
| 319页;32开 |
| ISBN 7-208-03709-4:CNY17.50 |
| ● |
| 相关链接 |
|
|
|
|
正题名:驾驭经济增长的艺术
索取号:F061.2/23
 
预约/预借
| 序号 | 登录号 | 条形码 | 馆藏地/架位号 | 状态 | 备注 |
| 1 | 0315793 | 203157939 | 第一样本阅览室/ [索取号:F061.2/23] | 在馆 |